Elementary Statistics in Social Research (Record no. 1165)

MARC details
005 - DATE AND TIME OF LATEST TRANSACTION
control field 20250405093939.0
020 ## - INTERNATIONAL STANDARD BOOK NUMBER
International Standard Book Number 0-06-044071-6
082 ## - DEWEY DECIMAL CLASSIFICATION NUMBER
Classification number 519.5 LEV
100 ## - MAIN ENTRY--PERSONAL NAME
Author name LEVIN, J.
245 ## - TITLE STATEMENT
Title Elementary Statistics in Social Research
250 ## - EDITION STATEMENT
Edition statement 3rd Ed.
260 ## - PUBLICATION, DISTRIBUTION, ETC.
Place of publication, distribution, etc. New York,
Name of publisher, distributor, etc. Harper & Row,
Date of publication, distribution, etc. 1983.
300 ## - PHYSICAL DESCRIPTION
Extent xii, 318p.: figure, graph, table
Other physical details Index.
Dimensions 24cm.
942 ## - ADDED ENTRY ELEMENTS (KOHA)
Source of classification or shelving scheme Dewey Decimal Classification
Koha item type Books
Holdings
Date last seen Total checkouts Full call number Barcode Cost, replacement price Price effective from Koha item type Lost status Source of classification or shelving scheme Damaged status Not for loan Withdrawn status Home library Current library Shelving location Date acquired Cost, normal purchase price
04/05/2025   519.5 LEV 0000004600 30000.00 04/05/2025 Books   Dewey Decimal Classification       College of Business Education Main Library College of Business Education Main Library General Collection 04/05/2025 10000.00